|
|
|
|
| LEADER |
00776nam a2200205 i 4500 |
| 001 |
c000032461 |
| 003 |
CARM |
| 005 |
00000000000000.0 |
| 008 |
841113s1969 xx eng d |
| 019 |
1 |
|
|a 9708693
|5 LACONCORD2021
|
| 035 |
|
|
|a (OCoLC)221945773
|5 LACONCORD2021
|
| 100 |
0 |
|
|a Christo,
|d 1935-
|
| 245 |
1 |
0 |
|a Wool works :
|b [Exhibition] National Gallery of Victoria, November 1-30, 1969.
|
| 260 |
|
|
|a s.l. :
|b s.n.,
|c 1969.
|
| 300 |
|
|
|a 20 p. :
|b ill.
|
| 650 |
|
0 |
|a Conceptual art
|x Exhibitions.
|
| 710 |
2 |
0 |
|a National Gallery of Victoria.
|
| 852 |
8 |
|
|b CARM
|h A2:AB11E0
|i D00437
|p 0035301
|f BK
|
| 999 |
f |
f |
|i 25de6ec2-3a69-52f1-ab40-522e855828d4
|s d06d7738-0300-593b-84d2-2f0ef6db0d55
|
| 952 |
f |
f |
|p Can circulate
|a CAVAL
|b CAVAL
|c CAVAL
|d CARM 1 Store
|e D00437
|f A2:AB11E0
|h Other scheme
|i book
|m 0035301
|